【カラオケ】DAM年間楽曲ランキング -2024- - Statistics

General Stats
  • This quiz has been taken 457 times
  • The average score is 29 of 50
Answer Stats
順位 曲名 歌手名 関連作品(ある場合) % Correct
6 残酷な天使のテーゼ 高橋洋子 テレビ東京系アニメーション「新世紀エヴァンゲリオン」オープニングテーマ
90%
9 アイドル YOASOBI TVアニメ『【推しの子】』オープニング主題歌
90%
4 ドライフラワー 優里
86%
5 マリーゴールド あいみょん
86%
1 怪獣の花唄 Vaundy
85%
30 ライラック Mrs. GREEN APPLE TVアニメ「忘却バッテリー」オープニング・テーマ
81%
18 青と夏 Mrs. GREEN APPLE 映画「青夏 きみに恋した30日」主題歌
78%
3 晩餐歌 tuki.
76%
34 キセキ GReeeeN TBS系ドラマ「ROOKIES」主題歌
76%
31 ひまわりの約束 秦 基博 映画「STAND BY ME ドラえもん」主題歌
75%
2 Bling-Bang-Bang-Born Creepy Nuts TVアニメ「マッシュル-MASHLE- 神覚者候補選抜試験編」オープニングテーマ
75%
25 中島みゆき
74%
32 Lemon 米津玄師 TBS金曜ドラマ「アンナチュラル」主題歌
74%
49 DISH//
71%
12 チェリー スピッツ
70%
33 Ado ユニバーサル・スタジオ・ジャパン「ゾンビ・デ・ダンス」新テーマソング
70%
13 小さな恋のうた MONGOL800
69%
35 カブトムシ aiko
68%
7 サウダージ ポルノグラフィティ
67%
11 水平線 back number
67%
14 高嶺の花子さん back number
67%
8 さよならエレジー 菅田将暉 日本テレビ系 日曜ドラマ「トドメの接吻(キス)」主題歌
63%
24 ハナミズキ 一青 窈 日本テレビ系「火曜サスペンス劇場」主題歌
62%
47 3月9日 レミオロメン
62%
39 Pretender Official髭男dism 映画『コンフィデンスマンJP』主題歌
62%
43 菅田将暉 映画『STAND BY ME ドラえもん 2』主題歌
61%
10 ケセラセラ Mrs. GREEN APPLE ABCテレビ・テレビ朝日系連続ドラマ「日曜の夜ぐらいは...」主題歌
59%
15 奏(かなで) スキマスイッチ
59%
37 シャルル バルーン
58%
16 幾億光年 Omoinot1ake TBS系 火曜ドラマ『Eye Love You』主題歌
56%
17 丸の内サディスティック 椎名林檎
56%
45 ベテルギウス 優里 フジテレビ木曜劇場ドラマ「SUPER RICH」主題歌
54%
21 世界が終るまでは… WANDS ANB系「スラムダンク」エンディング・テーマ
53%
28 366日 HY 映画「赤い糸」主題歌
53%
41 花になって 緑黄色社会 TVアニメ『薬屋のひとりごと』オープニングテーマ
51%
20 シンデレラボーイ Saucy Dog
50%
23 シングルベッド シャ乱Q 日本テレビ系アニメ「D・N・A2~何処かで失くしたあいつのアイツ~」エンディングテーマ
48%
44 CITRUS Da-iCE 新日曜ドラマ「極主夫道」主題歌
45%
27 First Love 宇多田ヒカル TBS系ドラマ「魔女の条件」主題歌
42%
48 I LOVE YOU 尾崎豊
38%
19 大阪LOVER DREAMS COME TRUE ユニバーサル・スタジオ・ジャパン「ハリウッド・ドリーム・ザ・ライド」タイアップソング
38%
50 Story AI
38%
46 島人ぬ宝 BEGIN
37%
36 ビリミリオン 優里
36%
22 点描の唄(feat.井上苑子) Mrs. GREEN APPLE 映画「青夏 きみに恋した30日」挿入歌
34%
29 アイノカタチ feat.HIDE(GReeeeN) MISIA TBSテレビ 火曜ドラマ「義母と娘のブルース」主題歌
34%
26 最後の雨 中西保志
28%
40 恋人ごっこ マカロニえんぴつ Honda「バイクに乗っちゃう?」タイアップソング
21%
38 花束のかわりにメロディーを 清水翔太 NHKドラマ10「デザイナーベイビー」主題歌
19%
42 愛のかたまり KinKi Kids
19%
No matching quizzes found
Score Distribution
Percent of People with Each Score
Percentile by Number Answered
Your Score History
You have not taken this quiz